000 00903nam a22002777a 4500
001 BR7807762
003 BR-BrBNA
005 20230928085830.0
007 ta
008 230509b bl.||||| |||| 00| 0 por d
040 _aBR-BrBNA
_bpor
_cBiblioteca Nacional de Agricultura
041 _a(Por)
072 _aK20; E70
_b/G514
090 _ K20 BR7807762
100 1 _aFerreira, R.J.F. (ed.)
110 1 _aInstituto Brasileiro de Desenvolvimento Florestal, Brasilia, DF (Brasil). Coordenadoria de Planejamento
_95730
245 1 _aRoteiro para elaboracao de subsidios aos estudos perspectivos 1979-1985 (subseta flrestal)[Brasil]
260 3 _aBrasilia, DF (Brasil):
_c1978.
300 _a118 p.
650 _aDESENVOLVIMENTO FLORESTAL
650 _aPLANEJAMENTO FLORESTAL
650 _aPRODUTO FLORESTAL
650 _aCOMERCIALIZACAO
909 _a202309
_bLucia
_c55
_dLucia Elande
942 _cBK
999 _c26584
_d26584